000
00295nam a2200109Ia 4500
008
220204s9999 xx 000 0 und d
082
_a
339.138
_b
MAR
245
0
_a
Marketing planning and strategy. Pt 1 - 7
260
_a
USA
_b
Harward College
_c
1974
505
_a
Rs. 133 for each part
942
_c
BK
999
_c
37253
_d
37253